00528 2200193 4500001002100000005001500021035002000036007000300056008004100059020000600100082001200106084001900118100001900137245007200156250000600228260004300234300003400277650002300311INLIS00000000000201020260209124709 a0010-0226000020ta260209 g 1 ind  a- a297.246 a297.246 GIB u0 aGibran Maulana1 aUmar Bin Khattab :bSang Pemberani Yang Sederhana /cGibran Maulana a- aSurabaya :bCAHAYA AGENCY SURABAYA,c- a32 hlm :bilus. ;c20 x 25 cm aKisah Sahabat Nabi